La opinión pública: teorías, concepto y métodos

Tallennettuna:
Bibliografiset tiedot
Päätekijä: Monzón Arribas, Cándido (autor)
Aineistotyyppi: Kirja
Kieli:espanja
Julkaistu: Madrid Tecnos 1987
Painos:1a. ed
Sarja:Colección de Ciencias Sociales. Serie de Ciencia Política
Aiheet:
Tagit: Lisää tagi
Ei tageja, Lisää ensimmäinen tagi!

MARC

LEADER 00000nam a2200000 a 4500
001 UCK4359
003 CL-VaPUC
008 050603e19870000SP |||||||||||||||||spa|d
020 |a 8430913998 
082 0 4 |a 303.38  |b MON  |2 21 
100 |a Monzón Arribas, Cándido  |e autor  |9 559118 
245 1 3 |a La opinión pública: teorías, concepto y métodos 
250 |a 1a. ed 
300 |a 207 p 
942 |c BK 
945 |d 20050603 00:00:00  |a cmena 
260 |a Madrid  |b Tecnos  |c 1987 
650 0 |a Opinión pública  |9 255512 
650 0 |a Psicología social   |9 222894 
650 0 |a Cultura de masas  |9 334655 
650 0 |a Medios de comunicación de masas  |9 257273 
583 |a last modification  |c 20050603 00:00:00  |k Rodrigo Vera 
490 0 |a Colección de Ciencias Sociales. Serie de Ciencia Política 
999 |c 313239  |d 313237 
952 |0 0  |1 0  |4 0  |6 303_380000000000000_MON_1987  |7 0  |8 A  |9 384428  |a BIBDER  |b BIBDER  |d 2019-11-22  |i 4134729  |o 303.38 MON 1987  |p 4134729  |r 2023-01-25  |w 2019-11-22  |y BK  |k DER